000 01120nam0a22002411 4500
001 rc\2760685
005 20110915171511.0
035 _a(NLR Aleph) 006887324
090 _a7109887
_c7109887
100 _a20110915d1940 |||y0rusy50 ca
101 0 _arus
102 _aRU
105 _aa z |||||
200 1 _aИнструкция по проектированию и производству работ по искусственному понижению уровня грунтовых вод для строительных целей
_eПроект
_fГ. М. Мариупольский
_gН.-и. сектор Гос. союз. треста глубин. работ Главспецгидростроя
210 _aМосква
_aЛенинград
_cГосстройиздат
_d1940
_eЛенинград
215 _a64 с.
_cил., черт., граф., схем.
_d22 см.
320 _aБиблиогр.: с. 64
700 1 _aМариупольский
_bГ. М.
_gГеннадий Минеич
801 0 _aRU
_bNLR
_gpsbo
801 1 _aRU
_bELAR
_2rusmarc
852 _aNLR
_j40-11/278
942 _cBOOK
980 _aNB